Pays européens les plus densément peuplés - Statistiques

Statistiques générales
  • Ce quiz a été pris 214 fois
  • Le résultat moyen est 13 sur 15
Statistiques - réponses
Habitants/km2 Pays % Correct
18 866 Monaco
94%
151 Andorre
92%
364 Belgique
92%
181 Luxembourg
92%
2093 Vatican
92%
231 Allemagne
91%
395 Pays-Bas
90%
247 Royaume-Uni
89%
195 Italie
87%
472 Saint-Marin
87%
181 Suisse
85%
1247 Malte
84%
211 Liechtenstein
82%
167 Kosovo
71%
132 Moldavie
49%
Aucun quiz correspondant
Distribution des résultats
% des personnes avec chaque résultat
Percentile par nombre de réponses
Votre historique - résultats
Vous n’avez pas pris ce quiz